00390nam a2200157Ia 4500008004100000020001800041245002400059245005100083260001500134260001600149260000900165300001500174300002500189300001000214500000800224170705s9999 xx 000 0 und d a9780439753807 aSurprising sharks / cby Nicola Davies ; illustrated by James Croft. aNew York : bScholastic, c2003 a29 pages : bcolor illustration ; c25cm. a710